| 000 | 00743nam a22002297a 4500 | ||
|---|---|---|---|
| 999 |
_c19831 _d19831 |
||
| 003 | AR-CdUCM | ||
| 008 | 190522b ||||| |||| 00| 0 spa d | ||
| 040 |
_aMUNICIPALIDAD PROVINCIAL DEL CUSCO _cBIBLIOTECA MUNICIPAL DEL CUSCO |
||
| 082 |
_22ed _a828.82 / _bD548 |
||
| 100 |
_aDickens, Carlos _926933 |
||
| 245 | _aAlmacén de antigüedades / | ||
| 260 |
_aBuenos Aires : _bSopena Argentina, _c1946. |
||
| 300 |
_a254 páginas ; _c23 cm. |
||
| 440 |
_aBiblioteca mundial sopena _910296 |
||
| 505 | _aContenido: Novelas inglesas. | ||
| 650 |
_aNovelas inglesas _91158 |
||
| 650 |
_aLiteratura europea _9894 |
||
| 650 |
_aNovela _95 |
||
| 700 |
_aCalderon, Mauricio (traducción) _941464 |
||
| 942 |
_2ddc _cLIBROS |
||
| 945 |
_adavv _d2019-05-22 |
||